000 01027nam0a22002891 4500
001 rc\4105969
005 20130415165420.7
021 _aRU
_b[51-37165]
035 _a(NLR Aleph) 008142188
090 _a9491478
_c9491478
100 _a20130415d1951 |||y0rusy50 ca
101 1 _arus
_ckaz
102 _aRU
105 _aa z |||a|
200 1 _aМои мектебы
_eПовесть
_e[Пер. с каз.]
_fРис. В. Алфеевского
210 _aМосква
_aЛенинград
_cДетгиз
_d1951
215 _a79 с.
_cил.
_d20
225 1 _aШкольная библиотека
_e[Для семилетней школы]
606 _aПисатели казахские (д. л.)
_2psbo
607 _aКазахстан (д. л.)
_2psbo
700 1 _aМуканов
_bС.
_f1900-1973
_gСабит
702 1 _aАлфеевский
_bВ. С.
_gВалерий Сергеевич
_4440
801 0 _aRU
_bNLR
_gpsbo
801 1 _aRU
_bELAR
_2rusmarc
852 _aNLR
_jДл02 Г-4/1472
942 _cBOOK
980 _aNB